Venditio hereditatis (Record no. 135517)

MARC details
000 -LEADER
campo de control de longitud fija 00740nam a2200205 i 4500
001 - NÚMERO DE CONTROL
campo de control 135517
003 - IDENTIFICADOR DE NÚMERO DE CONTROL
campo de control ES-MaACL
005 - FECHA Y HORA DE LA ÚLTIMA TRANSACCIÓN
campo de control 20230906194910.0
007 - CAMPO FIJO DE DESCRIPCIÓN FÍSICA--INFORMACIÓN GENERAL
campo de control de longitud fija t|
008 - DATOS DE LONGITUD FIJA--INFORMACIÓN GENERAL
campo de control de longitud fija 070719s1966 sp ||||1| spa d
080 ## - NÚMERO DE LA CLASIFICACIÓN DECIMAL UNIVERSAL
Número de la Clasificación Decimal Universal 347.65(37)(04)
100 1# - ENTRADA PRINCIPAL--NOMBRE DE PERSONA
Nombre de persona Torrent, Armando.
9 (RLIN) 110832
245 10 - MENCIÓN DEL TÍTULO
Título Venditio hereditatis
Resto del título : la venta de herencia en Derecho Romano /
Mención de responsabilidad, etc. Armando Torrent ; prólogo de Pablo Fuenteseca.
260 ## - PUBLICACIÓN, DISTRIBUCIÓN, ETC.
Lugar de publicación, distribución, etc. Salamanca :
Nombre del editor, distribuidor, etc. Universidad de Salamanca,
Fecha de publicación, distribución, etc. 1966.
300 ## - DESCRIPCIÓN FÍSICA
Extensión 268 p. ;
Dimensiones 24 cm.
650 14 - PUNTO DE ACCESO ADICIONAL DE MATERIA--TÉRMINO DE MATERIA
Término de materia o nombre geográfico como elemento de entrada Sucesiones (Derecho Romano)
9 (RLIN) 17245
700 1# - ENTRADA AGREGADA--NOMBRE PERSONAL
Nombre de persona Fuenteseca, Pablo.
9 (RLIN) 52953
710 1# - ENTRADA AGREGADA--NOMBRE DE ENTIDAD CORPORATIVA
Nombre de entidad corporativa o nombre de jurisdicción como elemento de entrada Universidad de Salamanca.
Unidad subordinada Secretariado de Publicaciones e Intercambio Científico.
9 (RLIN) 7289
852 ## - LOCALIZACIÓN
Ubicación ES-MaACL
Número de control de estantería C-31532
Sublocalización o colección R.61971
Holdings
Estatus retirado Estado de pérdida Estado de daño No para préstamo Biblioteca de origen Biblioteca actual Ubicación en estantería Fecha de adquisición Fuente de adquisición Total de préstamos Signatura topográfica completa Código de barras Visto por última vez Precio de reemplazo Tipo de ítem Koha
        Biblioteca del Ateneo de Madrid Biblioteca del Ateneo de Madrid Depósito 2 17/01/2008     C-31532 1141044 23/02/2023 23/02/2023 Libro impreso